Introduction to management sciences

Guardado en:
Detalles Bibliográficos
Autor principal: Cook, Thomas M.
Otros Autores: Russell, Robert A.
Formato: Libro
Lenguaje:inglés
Publicado: Englewood Cliffs Prentice Hall 1981
Edición:2. ed.
Etiquetas: Agregar Etiqueta
Sin Etiquetas, Sea el primero en etiquetar este registro!

MARC

LEADER 00000nam a2200000 4500
001 c137023
005 20150325105538.5
041 0 |a eng 
044 |a US 
245 1 0 |a Introduction to management sciences  |c Thomas M. Cook, Robert A. Russell 
250 |a 2. ed. 
264 1 |a Englewood Cliffs  |b Prentice Hall  |c 1981 
300 |a 763 s. 
100 1 |a Cook, Thomas M. 
700 1 |a Russell, Robert A.